DATA SCIENCE FROM SCRATCH FIRST PRINCIPLES WITH PYTHON (Record no. 22920)
[ view plain ]
| 000 -LEADER | |
|---|---|
| fixed length control field | 00384nam a22001577a 4500 |
| 003 - CONTROL NUMBER IDENTIFIER | |
| control field | SGT |
| 020 ## - INTERNATIONAL STANDARD BOOK NUMBER | |
| International Standard Book Number | 9789352138326 |
| 082 ## - DEWEY DECIMAL CLASSIFICATION NUMBER | |
| Classification number | 005.7565,GRU |
| 100 ## - MAIN ENTRY--PERSONAL NAME | |
| Personal name | GRUS |
| 245 ## - TITLE STATEMENT | |
| Title | DATA SCIENCE FROM SCRATCH FIRST PRINCIPLES WITH PYTHON |
| 250 ## - EDITION STATEMENT | |
| Edition statement | 2ND |
| 260 ## - PUBLICATION, DISTRIBUTION, ETC. (IMPRINT) | |
| Place of publication, distribution, etc | MUMBAI |
| Name of publisher, distributor, etc | SHROFF PUBLISHERS & DISTRIBUTORS |
| 300 ## - PAGE DESCRIPTION | |
| No. of Pages | 384 |
| 650 ## - SUBJECT ADDED ENTRY--TOPICAL TERM | |
| Topical term or geographic name as entry element | COMPUTER SCIENCE |
| 942 ## - ADDED ENTRY ELEMENTS (KOHA) | |
| Source of classification or shelving scheme | Dewey Decimal Classification |
| Koha item type | Books |
| 942 ## - ADDED ENTRY ELEMENTS (KOHA) | |
| -- | 59 |
| Withdrawn status | Lost status | Source of classification or shelving scheme | Damaged status | Use restrictions | Not for loan | Collection code | Home library | Current library | Shelving location | Date acquired | Vendor Name | Cost, normal purchase price | SGTU | Bill Number | Total Checkouts | Full call number | Accession No. (Barcode) | Date last seen | Date last borrowed | Bill Date | Koha item type | Total Renewals |
|---|---|---|---|---|---|---|---|---|---|---|---|---|---|---|---|---|---|---|---|---|---|---|
| Dewey Decimal Classification | Restricted Access | Not For Loan | ENGINEERING | SGT Engineering Library | SGT Engineering Library | Reference Book | 23/06/2022 | AHUJA BOOK COMPANY PVT.LTD | 1200.00 | SGTU | 14477 | 3 | 005.7565,GRU | FE8444 | 01/07/2024 | 22/06/2024 | 19/05/2022 | Books | ||||
| Dewey Decimal Classification | ENGINEERING | SGT Engineering Library | SGT Engineering Library | Text Book | 23/06/2022 | AHUJA BOOK COMPANY PVT.LTD | 1200.00 | SGTU | 14477 | 21 | 005.7565,GRU | FE8445 | 18/05/2026 | 07/05/2026 | 19/05/2022 | Books | 1 | |||||
| Dewey Decimal Classification | ENGINEERING | SGT Engineering Library | SGT Engineering Library | Text Book | 23/06/2022 | AHUJA BOOK COMPANY PVT.LTD | 1200.00 | SGTU | 14477 | 21 | 005.7565,GRU | FE8446 | 06/03/2026 | 27/01/2026 | 19/05/2022 | Books | ||||||
| Dewey Decimal Classification | ENGINEERING | SGT Engineering Library | SGT Engineering Library | Text Book | 23/06/2022 | AHUJA BOOK COMPANY PVT.LTD | 1200.00 | SGTU | 14477 | 9 | 005.7565,GRU | FE8447 | 26/09/2025 | 26/09/2025 | 19/05/2022 | Books | 1 | |||||
| Dewey Decimal Classification | ENGINEERING | SGT Engineering Library | SGT Engineering Library | Text Book | 23/06/2022 | AHUJA BOOK COMPANY PVT.LTD | 1200.00 | SGTU | 14477 | 35 | 005.7565,GRU | FE8448 | 15/05/2026 | 06/05/2026 | 19/05/2022 | Books |